The crafts in Britain in the 20th century
Αποθηκεύτηκε σε:
| Κύριος συγγραφέας: | |
|---|---|
| Μορφή: | Βιβλίο |
| Γλώσσα: | English |
| Δημοσίευση: |
[New Heaven] :
Yale University Press,
c1999.
|
| Θέματα: | |
| Ετικέτες: |
Προσθήκη ετικέτας
Δεν υπάρχουν, Καταχωρήστε ετικέτα πρώτοι!
|
MARC
| LEADER | 00000cam a2200000 i 4500 | ||
|---|---|---|---|
| 001 | 1/34545 | ||
| 008 | 030313s1999 ctu| ||| |||| ||eng|| | ||
| 020 | |a 0300077807 | ||
| 035 | |l 10069714 | ||
| 040 | |a GR-MyUa |b gre |e AACR2 | ||
| 041 | 0 | |a eng | |
| 082 | 7 | |a 745.0941 |2 (21) | |
| 100 | 1 | |a Harrod, Tanya. | |
| 245 | 1 | 4 | |a The crafts in Britain in the 20th century / |c Tanya Harrod. |
| 260 | |a [New Heaven] : |b Yale University Press, |c c1999. | ||
| 300 | |a 496 σ. : |b εικ. ; |c 32 εκ. | ||
| 504 | |a Περιλαμβάνει βιβλιογραφικές παραπομπές (σ. [466]-488) και ευρετήριο. | ||
| 650 | 0 | |a Decorative arts |z Great Britain |x History |y 20th century. | |
| 650 | 0 | |a Arts and crafts movement |z Great Britain. | |
| 852 | |a INST |b SYROS |e 20030313 |h 745.0941 HAR |p 005500002394 |q 005500002394 |t BK |y 0 | ||
| 901 | |a BIBL5-2003-1 | ||
| 922 | |a 5ΕΛΗ |b 200210 |c ΤΜΣΠΣ |d Παπασωτηρίου | ||
| 950 | |a 183-2002-10-19 | ||
| 970 | |a Μανωλαράκη |b Μαρία |z 14/03/2003 | ||